| 000 | 01019nam a22003377a 4500 | ||
|---|---|---|---|
| 003 | CHAP | ||
| 005 | 20220329141430.0 | ||
| 008 | 971013s1980 r 00010 d | ||
| 010 | _a68032 | ||
| 011 | _a69004 | ||
| 035 | _a78478 | ||
| 040 | _cCHAP | ||
| 082 |
_a584.9 _bH3 |
||
| 100 | 0 | 0 |
_aHaffliger, Ernst. _952207 |
| 245 |
_aGrass weeds _b: if the subfamily Panicoideae |
||
| 260 |
_aBasle, Suiza : _bCIBA--GEIGY, _c1980 |
||
| 300 | _a142 p. apénd. | ||
| 500 | _a26-163 | ||
| 590 |
_aBATCH-UPD _b10 _c20130110 _lUCH01 _h0403 |
||
| 590 |
_aBATCH-UPD _b10 _c20130110 _lUCH01 _h2054 |
||
| 590 |
_aBATCH-UPD _b10 _c20130410 _lUCH01 _h0036 |
||
| 590 |
_aBATCH-UPD _b10 _c20130914 _lUCH01 _h1551 |
||
| 590 |
_aCONVERSION _b10 _c20130109 _lUCH01 _h1337 |
||
| 650 | 1 | 4 |
_aGramíneas como malas hierbas. _950299 |
| 650 | 1 | 4 |
_aGramíneas. _950260 |
| 650 | 1 | 4 |
_aMalas hierbas. _969996 |
| 650 | 1 | 4 |
_aPanicoideae. _985100 |
| 901 | _aBK | ||
| 942 | _cLIBRO | ||
| 949 |
_a584.9 H3 _bBC _cLIBRO _d33724000525846 _eLIBRO _h71249 _i78478 _si |
||
| 999 |
_c68032 _d68032 |
||